| 000 | 00635nam a22002057a 4500 | ||
|---|---|---|---|
| 999 |
_c7987 _d7987 |
||
| 001 | 21480 | ||
| 003 | BD-DhUAP | ||
| 005 | 20220113191517.0 | ||
| 008 | 220108b19972020bg o|||| |||| 001 0beng d | ||
| 020 | _a9789840513734 | ||
| 040 |
_aBD-DhUAP _bENG _cBD-DhUAP _dBD-DhUAP _eBD-DhUAP |
||
| 082 |
_223 _a954.9205 SAL . |
||
| 100 | _a Sālik, Ṣiddīq . | ||
| 245 |
_aWitness to surrender / _c Siddiq Salik. |
||
| 260 |
_aDhaka : _bUniversity Press Limited. _c2020. |
||
| 300 |
_a245 Pages : _bports., maps ; _c22 cm. |
||
| 504 | _aIncludes bibliographical references and index. | ||
| 650 | _aIndia-Pakistan Conflict, 1971. | ||
| 942 |
_2ddc _cBK |
||